House price index (Record no. 111967)
[ view plain ]
| 000 -LEADER | |
|---|---|
| fixed length control field | 01670cad a22002415a 4500 |
| 001 - CONTROL NUMBER | |
| control field | L152280 |
| 008 - FIXED-LENGTH DATA ELEMENTS--GENERAL INFORMATION | |
| fixed length control field | 11021 e20110115xxkd f s f000 0 eng d |
| 035 ## - SYSTEM CONTROL NUMBER | |
| System control number | (Sirsi) u152280 |
| 041 0# - LANGUAGE CODE | |
| Language code of text/sound track or separate title | eng |
| 050 04 - LIBRARY OF CONGRESS CALL NUMBER | |
| Classification number | 333.33 $2 18 |
| 110 1# - MAIN ENTRY--CORPORATE NAME | |
| Corporate name or jurisdiction name as entry element | United Kingdom |
| Subordinate unit | Department for Communities and Local Government |
| 9 (RLIN) | 4939 |
| 245 00 - TITLE STATEMENT | |
| Title | House price index |
| Remainder of title | December 2010 |
| Medium | [electronic resource] |
| 260 ## - PUBLICATION, DISTRIBUTION, ETC. | |
| Place of publication, distribution, etc. | London |
| Name of publisher, distributor, etc. | DCLG |
| Date of publication, distribution, etc. | 2011 |
| 490 #0 - SERIES STATEMENT | |
| Series statement | DCLG House Price Index |
| Volume/sequential designation | December 2010 |
| 520 ## - SUMMARY, ETC. | |
| Summary, etc. | UK house prices rose by 3.8% since December 2009 and increased by 0.5% since November 2010. The mix-adjusted average house price was £208 148 in December 2010 (not seasonally adjusted). UK house prices fell by 0.4% in the quarter ending December 2010 compared with a rise of 0.2% in the quarter ending September 2010 (seasonally adjusted). Annual average house prices rose by 4.1%. in England and 4.3% in Wales and 1.8% in Scotland but fell in Northern Ireland by 16.13%. Annual average house prices paid by first time buyers in December 2010 were 1.4% higher than a year ago. By comparison average house prices paid by former owner occupiers were 4.7% higher. Annual average house prices paid for new properties in December 2010 were 7.6% higher than a year ago. By comparison average house prices paid on pre-owned dwellings were 3.5%. |
| 521 ## - TARGET AUDIENCE NOTE | |
| Target audience note | Advanced |
| 590 ## - LOCAL NOTE (RLIN) | |
| Local note | KA NTK |
| 650 24 - SUBJECT ADDED ENTRY--TOPICAL TERM | |
| Topical term or geographic name entry element | DCLG HOUSE PRICE INDEX |
| 651 #4 - SUBJECT ADDED ENTRY--GEOGRAPHIC NAME | |
| Geographic name | United Kingdom |
| Chronological subdivision | |
| 690 ## - LOCAL SUBJECT ADDED ENTRY--TOPICAL TERM (OCLC, RLIN) | |
| Topical term or geographic name as entry element | PROPERTY-RESIDENTIAL PROPERTY-RESIDENTIAL PROPERTY MARKET |
| 856 40 - ELECTRONIC LOCATION AND ACCESS | |
| Uniform Resource Identifier | <a href="https://www.communities.gov.uk/documents/statistics/pdf/1843655.pdf">https://www.communities.gov.uk/documents/statistics/pdf/1843655.pdf</a> |
| Public note | View this item free of charge at www.communities.gov.uk |
| 942 ## - ADDED ENTRY ELEMENTS (KOHA) | |
| Suppress in OPAC | 0 |
| Withdrawn status | Lost status | Source of classification or shelving scheme | Damaged status | Not for loan | Home library | Current library | Shelving location | Date acquired | Total Checkouts | Full call number | Barcode | Date last seen | Copy number | Price effective from | Koha item type |
|---|---|---|---|---|---|---|---|---|---|---|---|---|---|---|---|
| Dewey Decimal Classification | Virtual | Virtual | Online | 15/02/2011 | ONLINE PUBLICATION | 152280-2001 | 06/08/2019 | 1 | 06/08/2019 | Book |